[Event "S16 a S20"]
[Site "Cambrils"]
[Date "2023.04.02"]
[Round "2.1"]
[White "Dominguez Laguna, Eduard"]
[Black "Masague Artero, Guerau"]
[Result "0-1"]
[TimeControl "90'+30\""]
[BlackTitle "FM"]
[BlackFideId "32098952"]
[WhiteElo "1961"]
[BlackElo "2302"]

1. d4 {[%clk 01:30:56]} {[%emt 00:00:03]} Nf6 {[%clk 01:29:36]} {[%emt
00:01:23]} 2. c4 {[%clk 01:31:15]} {[%emt 00:00:12]} e6 {[%clk 01:28:40]}
{[%emt 00:01:25]} 3. Nc3 {[%clk 01:31:24]} {[%emt 00:00:22]} d5 {[%clk
01:26:20]} {[%emt 00:02:49]} 4. cxd5 {[%clk 01:30:42]} {[%emt 00:01:13]} exd5
{[%clk 01:25:30]} {[%emt 00:01:20]} 5. Bg5 {[%clk 01:31:03]} {[%emt 00:00:09]}
c6 {[%clk 01:25:47]} {[%emt 00:00:13]} 6. e3 {[%clk 01:30:00]} {[%emt
00:01:34]} Be7 {[%clk 01:25:53]} {[%emt 00:00:23]} 7. Bd3 {[%clk 01:29:34]}
{[%emt 00:00:57]} O-O {[%clk 01:25:47]} {[%emt 00:00:35]} 8. Nge2 {[%clk
01:29:03]} {[%emt 00:01:02]} Re8 {[%clk 01:25:26]} {[%emt 00:00:50]} 9. Qc2
{[%clk 01:27:32]} {[%emt 00:02:01]} Nbd7 {[%clk 01:25:25]} {[%emt 00:00:30]} 10.
O-O {[%clk 01:27:42]} {[%emt 00:00:20]} g6 {[%clk 01:22:28]} {[%emt 00:03:26]}
11. f3 {[%clk 01:22:17]} {[%emt 00:05:56]} b5 {[%clk 01:22:20]} {[%emt
00:00:38]} 12. h3 {[%clk 01:15:54]} {[%emt 00:06:53]} Bb7 {[%clk 01:22:20]}
{[%emt 00:00:30]} 13. Rad1 {[%clk 01:12:20]} {[%emt 00:04:05]} a6 {[%clk
01:16:43]} {[%emt 00:06:08]} 14. Qd2 {[%clk 00:58:01]} {[%emt 00:14:49]} c5
{[%clk 01:12:59]} {[%emt 00:04:13]} 15. Rfe1 {[%clk 00:52:24]} {[%emt
00:06:07]} Qb6 {[%clk 01:03:13]} {[%emt 00:10:15]} 16. Bb1 {[%clk 00:50:46]}
{[%emt 00:02:10]} Rac8 {[%clk 01:00:24]} {[%emt 00:03:18]} 17. Kh1 {[%clk
00:47:44]} {[%emt 00:03:32]} c4 {[%clk 00:50:36]} {[%emt 00:10:18]} 18. Nf4
{[%clk 00:39:12]} {[%emt 00:09:02]} b4 {[%clk 00:49:09]} {[%emt 00:01:56]} 19.
Na4 {[%clk 00:29:19]} {[%emt 00:10:23]} Qa5 {[%clk 00:48:30]} {[%emt 00:01:08]}
20. b3 {[%clk 00:28:08]} {[%emt 00:01:42]} Bf8 {[%clk 00:42:46]} {[%emt
00:06:14]} 21. Bh4 {[%clk 00:26:02]} {[%emt 00:02:37]} Bg7 {[%clk 00:41:50]}
{[%emt 00:01:25]} 22. g4 {[%clk 00:24:08]} {[%emt 00:02:24]} Kh8 {[%clk
00:35:54]} {[%emt 00:06:25]} 23. Bg3 {[%clk 00:23:06]} {[%emt 00:01:33]} Bc6
{[%clk 00:33:23]} {[%emt 00:03:01]} 24. Bc2 {[%clk 00:18:53]} {[%emt 00:04:43]}
Bxa4 {[%clk 00:30:35]} {[%emt 00:03:18]} 25. bxa4 {[%clk 00:19:21]} {[%emt
00:00:02]} Nb6 {[%clk 00:30:31]} {[%emt 00:00:33]} 26. h4 {[%clk 00:14:31]}
{[%emt 00:05:20]} Kg8 {[%clk 00:29:25]} {[%emt 00:01:36]} 27. g5 {[%clk
00:13:41]} {[%emt 00:01:21]} Nfd7 {[%clk 00:29:42]} {[%emt 00:00:12]} 28. h5
{[%clk 00:12:53]} {[%emt 00:01:19]} Nf8 {[%clk 00:29:26]} {[%emt 00:00:45]} 29.
Qh2 {[%clk 00:09:24]} {[%emt 00:04:00]} b3 {[%clk 00:21:55]} {[%emt 00:08:01]}
30. axb3 {[%clk 00:09:08]} {[%emt 00:00:46]} cxb3 {[%clk 00:21:59]} {[%emt
00:00:25]} 31. Bxb3 {[%clk 00:06:24]} {[%emt 00:03:15]} Nc4 {[%clk 00:21:38]}
{[%emt 00:00:50]} 32. Qf2 {[%clk 00:05:54]} {[%emt 00:01:00]} Ne6 {[%clk
00:21:06]} {[%emt 00:01:02]} 33. Nxe6 {[%clk 00:04:49]} {[%emt 00:01:35]} Rxe6
{[%clk 00:21:33]} {[%emt 00:00:02]} 34. hxg6 {[%clk 00:04:38]} {[%emt
00:00:41]} hxg6 {[%clk 00:21:44]} {[%emt 00:00:19]} 35. Bf4 {[%clk 00:04:16]}
{[%emt 00:00:53]} Rb6 {[%clk 00:20:31]} {[%emt 00:01:43]} 36. Bc2 {[%clk
00:03:35]} {[%emt 00:01:11]} Rb2 {[%clk 00:20:19]} {[%emt 00:00:41]} 37. Rb1
{[%clk 00:03:45]} {[%emt 00:00:21]} Rxb1 {[%clk 00:20:13]} {[%emt 00:00:35]} 38.
Rxb1 {[%clk 00:01:35]} {[%emt 00:02:41]} Na3 {[%clk 00:15:55]} {[%emt
00:04:48]} 39. Rb8 {[%clk 00:01:17]} {[%emt 00:00:48]} Rxb8 {[%clk 00:14:12]}
{[%emt 00:02:13]} 40. Bxb8 {[%clk 00:01:46]} {[%emt 00:00:01]} Qc3 {[%clk
00:08:50]} {[%emt 00:05:51]} 41. Bd1 {[%clk 00:02:02]} {[%emt 00:00:14]} Nc4
{[%clk 00:05:28]} {[%emt 00:03:53]} 42. Bf4 {[%clk 00:01:54]} {[%emt 00:00:38]}
Nb2 {[%clk 00:05:44]} {[%emt 00:00:14]} 43. Be2 {[%clk 00:01:58]} {[%emt
00:00:26]} Qd2 {[%clk 00:05:18]} {[%emt 00:00:56]} 44. Kg2 {[%clk 00:02:05]}
{[%emt 00:00:24]} a5 {[%clk 00:03:26]} {[%emt 00:02:22]} 45. Bb5 {[%clk
00:01:51]} {[%emt 00:00:44]} Qc1 {[%clk 00:03:55]} {[%emt 00:00:01]} 46. Qe2
{[%clk 00:01:09]} {[%emt 00:01:12]} Nc4 {[%clk 00:02:42]} {[%emt 00:01:42]} 47.
Bd7 {[%clk 00:00:38]} {[%emt 00:01:02]} Bxd4 {[%clk 00:02:57]} {[%emt
00:00:16]} 48. exd4 {[%clk 00:00:48]} {[%emt 00:00:20]} Qxf4 {[%clk 00:03:25]}
49. Qe8+ {[%clk 00:00:46]} {[%emt 00:00:33]} Kg7 {[%clk 00:03:29]} {[%emt
00:00:25]} 50. Qe7 {[%clk 00:01:02]} {[%emt 00:00:15]} Qxd4 {[%clk 00:02:50]}
{[%emt 00:01:08]} 51. Be6 {[%clk 00:00:46]} {[%emt 00:00:48]} Qf4 {[%clk
00:03:06]} {[%emt 00:00:13]} 52. Bd7 {[%clk 00:00:33]} {[%emt 00:00:43]} Ne5
{[%clk 00:03:21]} {[%emt 00:00:15]} 53. Bg4 {[%clk 00:00:38]} {[%emt 00:00:26]}
d4 {[%clk 00:02:35]} {[%emt 00:01:16]} 54. Qd8 {[%clk 00:00:37]} {[%emt
00:00:31]} d3 {[%clk 00:02:51]} {[%emt 00:00:13]} 55. Qxa5 {[%clk 00:00:35]}
{[%emt 00:00:33]} d2 {[%clk 00:03:10]} {[%emt 00:00:10]} 56. Qd8 {[%clk
00:00:41]} {[%emt 00:00:25]} Nxg4 {[%clk 00:03:31]} {[%emt 00:00:09]} 57. fxg4
{[%clk 00:00:33]} {[%emt 00:00:38]} Qxg4+ {[%clk 00:03:52]} {[%emt 00:00:08]}
58. Kf2 {[%clk 00:00:52]} {[%emt 00:00:12]} d1=Q {[%clk 00:04:12]} {[%emt
00:00:10]} 59. Qf6+ {[%clk 00:01:13]} {[%emt 00:00:09]} Kg8 {[%clk 00:04:37]}
{[%emt 00:00:04]} 60. Qd8+ {[%clk 00:00:38]} {[%emt 00:01:05]} Qxd8 {[%emt
00:00:46]} 0-1

[Event "S16 a S20"]
[Site "Cambrils"]
[Date "2023.04.02"]
[Round "2.2"]
[White "Rocamora Martorell, Ferran"]
[Black "Huerta Llorens, Arnau"]
[Result "1-0"]
[TimeControl "90'+30\""]
[WhiteFideId "54524130"]
[WhiteElo "2087"]
[BlackElo "1881"]

1. d4 {[%clk 01:30:32]} {[%emt 00:00:27]} d5 {[%clk 01:30:48]} {[%emt
00:00:13]} 2. c4 {[%clk 01:28:39]} {[%emt 00:02:23]} dxc4 {[%clk 01:29:14]}
{[%emt 00:02:04]} 3. Nf3 {[%clk 01:28:08]} {[%emt 00:01:00]} Nf6 {[%clk
01:28:06]} {[%emt 00:01:38]} 4. e3 {[%clk 01:25:49]} {[%emt 00:02:49]} e6
{[%clk 01:23:09]} {[%emt 00:05:27]} 5. Bxc4 {[%clk 01:24:50]} {[%emt 00:01:29]}
Be7 {[%clk 01:20:00]} {[%emt 00:03:40]} 6. O-O {[%clk 01:20:55]} {[%emt
00:04:24]} O-O {[%clk 01:19:21]} {[%emt 00:01:09]} 7. Nc3 {[%clk 01:19:32]}
{[%emt 00:01:53]} b6 {[%clk 01:15:04]} {[%emt 00:04:47]} 8. Qe2 {[%clk
01:19:04]} {[%emt 00:00:58]} Bb7 {[%clk 01:08:55]} {[%emt 00:06:39]} 9. e4
{[%clk 01:14:16]} {[%emt 00:05:17]} c5 {[%clk 00:55:24]} {[%emt 00:14:03]} 10.
Rd1 {[%clk 01:12:08]} {[%emt 00:02:37]} cxd4 {[%clk 00:50:05]} {[%emt
00:05:49]} 11. Nxd4 {[%clk 01:08:45]} {[%emt 00:03:53]} Qc8 {[%clk 00:44:31]}
{[%emt 00:06:04]} 12. e5 {[%clk 01:06:11]} {[%emt 00:03:04]} Nfd7 {[%clk
00:39:50]} {[%emt 00:05:11]} 13. Bf4 {[%clk 01:03:42]} {[%emt 00:02:59]} a6
{[%clk 00:37:50]} {[%emt 00:02:31]} 14. Rac1 {[%clk 01:02:44]} {[%emt
00:01:28]} Nc6 {[%clk 00:35:09]} {[%emt 00:03:10]} 15. Nxe6 {[%clk 00:57:09]}
{[%emt 00:06:04]} Ndxe5 {[%clk 00:18:53]} {[%emt 00:16:47]} 16. Nxf8 {[%clk
00:51:41]} {[%emt 00:05:59]} Bxf8 {[%clk 00:17:03]} {[%emt 00:02:21]} 17. Bxe5
{[%clk 00:51:55]} {[%emt 00:00:16]} Nxe5 {[%clk 00:17:17]} {[%emt 00:00:15]} 18.
Bd5 {[%clk 00:51:08]} {[%emt 00:01:16]} Ng6 {[%clk 00:14:11]} {[%emt 00:03:37]}
19. Qf3 {[%clk 00:49:36]} {[%emt 00:02:02]} Bxd5 {[%clk 00:12:07]} {[%emt
00:02:34]} 20. Nxd5 {[%clk 00:49:55]} {[%emt 00:00:11]} Qb8 {[%clk 00:12:02]}
{[%emt 00:00:34]} 21. Qf5 {[%clk 00:43:41]} {[%emt 00:06:44]} Ra7 {[%clk
00:09:40]} {[%emt 00:02:53]} 22. g3 {[%clk 00:43:15]} {[%emt 00:00:55]} h6
{[%clk 00:08:44]} {[%emt 00:01:27]} 23. h4 {[%clk 00:42:06]} {[%emt 00:01:38]}
Qe8 {[%clk 00:05:30]} {[%emt 00:03:44]} 24. Re1 {[%clk 00:40:49]} {[%emt
00:01:47]} Qb5 {[%clk 00:04:11]} {[%emt 00:01:49]} 25. h5 {[%clk 00:40:50]}
{[%emt 00:00:30]} Ne7 {[%clk 00:03:33]} {[%emt 00:01:08]} 26. Nxe7+ {[%clk
00:41:13]} {[%emt 00:00:07]} Rxe7 {[%clk 00:03:51]} {[%emt 00:00:12]} 27. Qxb5
{[%clk 00:40:54]} {[%emt 00:00:49]} Rxe1+ {[%clk 00:03:40]} {[%emt 00:00:41]}
28. Rxe1 {[%clk 00:40:15]} {[%emt 00:01:09]} axb5 {[%clk 00:04:08]} {[%emt
00:00:03]} 29. Re8 {[%clk 00:40:06]} {[%emt 00:00:39]} f5 {[%clk 00:03:14]}
{[%emt 00:01:24]} 30. Rb8 {[%clk 00:40:18]} {[%emt 00:00:18]} Kf7 {[%clk
00:02:44]} {[%emt 00:01:00]} 31. Rb7+ {[%clk 00:40:35]} {[%emt 00:00:13]} Be7
{[%clk 00:01:56]} {[%emt 00:01:18]} 32. Rxb6 {[%clk 00:40:57]} {[%emt
00:00:08]} b4 {[%clk 00:02:23]} {[%emt 00:00:03]} 33. Kf1 {[%clk 00:41:12]}
{[%emt 00:00:14]} f4 {[%clk 00:02:09]} {[%emt 00:00:44]} 34. Ke2 {[%clk
00:41:20]} {[%emt 00:00:22]} fxg3 {[%clk 00:02:22]} {[%emt 00:00:17]} 35. fxg3
{[%clk 00:41:45]} {[%emt 00:00:05]} Bc5 {[%clk 00:02:36]} {[%emt 00:00:16]} 36.
Rb7+ {[%clk 00:41:38]} {[%emt 00:00:37]} Kf6 {[%clk 00:02:46]} {[%emt
00:00:21]} 37. Kd3 {[%clk 00:41:54]} {[%emt 00:00:13]} g6 {[%clk 00:02:18]}
{[%emt 00:00:58]} 38. Rc7 {[%clk 00:41:28]} {[%emt 00:00:57]} Bf2 {[%clk
00:02:12]} {[%emt 00:00:35]} 39. Rc6+ {[%clk 00:41:50]} {[%emt 00:00:08]} Kg5
{[%clk 00:01:42]} {[%emt 00:01:00]} 40. hxg6 {[%clk 00:42:11]} {[%emt
00:00:09]} b3 {[%clk 00:01:37]} {[%emt 00:00:35]} 41. g7 {[%clk 00:42:30]}
{[%emt 00:00:11]} 1-0

[Event "S16 a S20"]
[Site "Cambrils"]
[Date "2023.04.02"]
[Round "2.3"]
[White "Vargas Rodriguez, Gabriel"]
[Black "Gomez Navais, Marcal"]
[Result "0-1"]
[TimeControl "90'+30\""]
[BlackFideId "24585505"]
[WhiteElo "1872"]
[BlackElo "2082"]

1. e4 {[%clk 01:30:48]} {[%emt 00:00:11]} c5 {[%clk 01:30:53]} {[%emt
00:00:08]} 2. Nf3 {[%clk 01:31:11]} {[%emt 00:00:07]} d6 {[%clk 01:31:18]}
{[%emt 00:00:06]} 3. d4 {[%clk 01:31:33]} {[%emt 00:00:08]} cxd4 {[%clk
01:31:42]} {[%emt 00:00:05]} 4. Nxd4 {[%clk 01:31:57]} {[%emt 00:00:05]} Nf6
{[%clk 01:32:07]} {[%emt 00:00:06]} 5. f3 {[%clk 01:32:04]} {[%emt 00:00:23]}
e5 {[%clk 01:31:37]} {[%emt 00:01:00]} 6. Bb5+ {[%clk 01:32:21]} {[%emt
00:00:13]} Bd7 {[%clk 01:18:13]} {[%emt 00:13:55]} 7. Bxd7+ {[%clk 01:32:34]}
{[%emt 00:00:16]} Qxd7 {[%clk 01:18:21]} {[%emt 00:00:23]} 8. Nf5 {[%clk
01:32:36]} {[%emt 00:00:28]} d5 {[%clk 01:17:07]} {[%emt 00:01:44]} 9. Bg5
{[%clk 01:32:47]} {[%emt 00:00:19]} d4 {[%clk 01:03:49]} {[%emt 00:13:48]} 10.
c3 {[%clk 01:30:46]} {[%emt 00:02:31]} Nc6 {[%clk 00:56:50]} {[%emt 00:07:28]}
11. cxd4 {[%clk 01:27:43]} {[%emt 00:03:32]} Nxd4 {[%clk 00:53:01]} {[%emt
00:04:19]} 12. Bxf6 {[%clk 01:09:24]} {[%emt 00:18:50]} gxf6 {[%clk 00:45:06]}
{[%emt 00:08:25]} 13. O-O {[%clk 01:08:20]} {[%emt 00:01:34]} Bc5 {[%clk
00:43:01]} {[%emt 00:02:35]} 14. Kh1 {[%clk 01:06:07]} {[%emt 00:02:43]} Rd8
{[%clk 00:33:40]} {[%emt 00:09:50]} 15. Nc3 {[%clk 01:03:38]} {[%emt 00:02:59]}
Kf8 {[%clk 00:30:28]} {[%emt 00:03:42]} 16. Ne3 {[%clk 00:53:52]} {[%emt
00:10:16]} Qe6 {[%clk 00:29:28]} {[%emt 00:01:30]} 17. Ncd5 {[%clk 00:52:02]}
{[%emt 00:02:20]} f5 {[%clk 00:25:11]} {[%emt 00:04:47]} 18. Rc1 {[%clk
00:47:38]} {[%emt 00:04:53]} Bd6 {[%clk 00:22:30]} {[%emt 00:03:11]} 19. Qe1
{[%clk 00:40:29]} {[%emt 00:07:40]} f4 {[%clk 00:18:46]} {[%emt 00:04:15]} 20.
Qh4 {[%clk 00:37:37]} {[%emt 00:03:21]} Kg7 {[%clk 00:13:50]} {[%emt 00:05:26]}
21. Ng4 {[%clk 00:36:10]} {[%emt 00:01:58]} Qg6 {[%clk 00:12:21]} {[%emt
00:01:59]} 22. Rfd1 {[%clk 00:32:08]} {[%emt 00:04:32]} h5 {[%clk 00:07:49]}
{[%emt 00:05:01]} 23. Nf2 {[%clk 00:27:41]} {[%emt 00:04:57]} Rhg8 {[%clk
00:05:14]} {[%emt 00:03:05]} 24. Nd3 {[%clk 00:23:06]} {[%emt 00:05:05]} Kh6
{[%clk 00:04:03]} {[%emt 00:01:41]} 25. Rd2 {[%clk 00:21:22]} {[%emt 00:02:14]}
f5 {[%clk 00:02:51]} {[%emt 00:01:42]} 26. N3xf4 {[%clk 00:14:42]} {[%emt
00:07:10]} exf4 {[%clk 00:02:53]} {[%emt 00:00:27]} 27. Nxf4 {[%clk 00:14:46]}
{[%emt 00:00:26]} Bxf4 {[%clk 00:02:47]} {[%emt 00:00:37]} 28. Qxf4+ {[%clk
00:14:37]} {[%emt 00:00:39]} Qg5 {[%clk 00:02:57]} {[%emt 00:00:20]} 29. Qxg5+
{[%clk 00:13:48]} {[%emt 00:01:19]} Kxg5 {[%clk 00:03:23]} {[%emt 00:00:05]} 30.
Rc7 {[%clk 00:13:08]} {[%emt 00:01:10]} Ne6 {[%clk 00:03:31]} {[%emt 00:00:21]}
31. Rcd7 {[%clk 00:10:18]} {[%emt 00:03:19]} Rxd7 {[%clk 00:03:33]} {[%emt
00:00:28]} 32. Rxd7 {[%clk 00:10:47]} {[%emt 00:00:01]} fxe4 {[%clk 00:01:36]}
{[%emt 00:02:27]} 33. fxe4 {[%clk 00:09:28]} {[%emt 00:01:49]} Rg7 {[%clk
00:00:32]} {[%emt 00:01:34]} 34. Rd5+ {[%clk 00:08:55]} {[%emt 00:01:03]} Kg4
{[%clk 00:00:44]} {[%emt 00:00:18]} 35. g3 {[%emt 00:00:51]} Rc7 {[%clk
00:00:59]} {[%emt 00:00:14]} 36. Rf5 {[%clk 00:04:39]} {[%emt 00:04:27]} Rc1+
{[%clk 00:01:06]} {[%emt 00:00:23]} 37. Kg2 {[%clk 00:05:02]} {[%emt 00:00:08]}
Rc2+ {[%clk 00:01:30]} {[%emt 00:00:06]} 38. Kg1 {[%clk 00:03:44]} {[%emt
00:01:47]} Nd4 {[%clk 00:01:05]} {[%emt 00:00:55]} 39. Rf4+ {[%clk 00:03:44]}
{[%emt 00:00:30]} Kg5 {[%clk 00:01:31]} {[%emt 00:00:04]} 40. Rf2 {[%clk
00:00:41]} {[%emt 00:03:34]} Rxf2 {[%clk 00:01:51]} {[%emt 00:00:10]} 41. Kxf2
{[%clk 00:01:09]} {[%emt 00:00:01]} Kf6 {[%clk 00:02:15]} {[%emt 00:00:06]} 42.
h3 {[%clk 00:01:17]} {[%emt 00:00:22]} Ke5 {[%clk 00:02:39]} {[%emt 00:00:06]}
43. Ke3 {[%clk 00:01:20]} {[%emt 00:00:28]} Ne6 {[%clk 00:02:59]} {[%emt
00:00:10]} 44. g4 {[%clk 00:01:16]} {[%emt 00:00:34]} h4 {[%clk 00:03:15]}
{[%emt 00:00:15]} 45. b4 {[%clk 00:01:36]} {[%emt 00:00:10]} b5 {[%clk
00:03:34]} {[%emt 00:00:11]} 46. Kd4+ {[%emt 00:00:50]} 0-1

[Event "S16 a S20"]
[Site "Cambrils"]
[Date "2023.04.02"]
[Round "2.4"]
[White "Juncosa Padros, Ernest"]
[Black "Alcala Gonzalez, Cesar"]
[Result "0-1"]
[TimeControl "90'+30\""]
[BlackFideId "24584878"]
[WhiteElo "1949"]
[BlackElo "2262"]

1. d4 {[%clk 01:30:57]} {[%emt 00:00:02]} d5 {[%clk 01:30:35]} {[%emt
00:00:26]} 2. c4 {[%clk 01:31:20]} {[%emt 00:00:07]} e6 {[%clk 01:29:59]}
{[%emt 00:01:06]} 3. Nc3 {[%clk 01:31:35]} {[%emt 00:00:15]} Nf6 {[%clk
01:29:31]} {[%emt 00:00:57]} 4. cxd5 {[%clk 01:28:50]} {[%emt 00:03:15]} exd5
{[%clk 01:29:42]} {[%emt 00:00:20]} 5. Bg5 {[%clk 01:29:15]} {[%emt 00:00:05]}
c6 {[%clk 01:28:30]} {[%emt 00:01:42]} 6. e3 {[%clk 01:29:37]} {[%emt
00:00:07]} h6 {[%clk 01:28:05]} {[%emt 00:00:56]} 7. Bh4 {[%clk 01:30:03]}
{[%emt 00:00:04]} Be7 {[%clk 01:28:00]} {[%emt 00:00:35]} 8. Bd3 {[%clk
01:30:05]} {[%emt 00:00:27]} O-O {[%clk 01:26:52]} {[%emt 00:01:38]} 9. Nge2
{[%clk 01:30:26]} {[%emt 00:00:08]} Nbd7 {[%clk 01:26:45]} {[%emt 00:00:37]} 10.
Qc2 {[%clk 01:30:06]} {[%emt 00:00:50]} Re8 {[%clk 01:26:43]} {[%emt 00:00:33]}
11. f3 {[%clk 01:30:23]} {[%emt 00:00:13]} b5 {[%clk 01:26:16]} {[%emt
00:00:56]} 12. O-O {[%clk 01:30:26]} {[%emt 00:00:26]} Bb7 {[%emt 00:01:59]} 13.
Rad1 {[%clk 01:19:33]} {[%emt 00:09:34]} a6 {[%clk 01:22:45]} {[%emt 00:04:22]}
14. Bf2 {[%clk 01:19:16]} {[%emt 00:00:46]} c5 {[%clk 01:21:43]} {[%emt
00:01:33]} 15. dxc5 {[%clk 01:18:30]} {[%emt 00:01:16]} Bxc5 {[%clk 01:22:04]}
{[%emt 00:00:09]} 16. Nd4 {[%clk 01:16:30]} {[%emt 00:02:30]} Rc8 {[%clk
01:19:37]} {[%emt 00:02:58]} 17. Qb1 {[%clk 01:01:17]} {[%emt 00:15:43]} Ne5
{[%clk 01:06:27]} {[%emt 00:13:40]} 18. Bf5 {[%clk 00:57:15]} {[%emt 00:04:32]}
Rc7 {[%clk 01:05:16]} {[%emt 00:01:41]} 19. Rfe1 {[%clk 00:56:45]} {[%emt
00:01:00]} Nc4 {[%clk 01:01:28]} {[%emt 00:04:18]} 20. Kh1 {[%clk 00:43:33]}
{[%emt 00:13:43]} Rce7 {[%clk 00:46:04]} {[%emt 00:15:55]} 21. Qc1 {[%clk
00:24:41]} {[%emt 00:19:22]} Qb6 {[%clk 00:43:00]} {[%emt 00:03:33]} 22. Re2
{[%clk 00:23:03]} {[%emt 00:02:08]} Bxd4 {[%clk 00:35:48]} {[%emt 00:07:42]} 23.
Rxd4 {[%clk 00:22:15]} {[%emt 00:01:18]} Nxe3 {[%clk 00:36:05]} {[%emt
00:00:13]} 24. Rxe3 {[%clk 00:04:46]} {[%emt 00:18:00]} Qxd4 {[%clk 00:36:26]}
{[%emt 00:00:10]} 25. Rxe7 {[%clk 00:05:11]} {[%emt 00:00:05]} Qxf2 {[%clk
00:36:48]} {[%emt 00:00:08]} 26. Rxe8+ {[%clk 00:05:15]} {[%emt 00:00:26]} Nxe8
{[%clk 00:37:16]} {[%emt 00:00:02]} 27. h3 {[%clk 00:04:47]} {[%emt 00:00:58]}
Nd6 {[%clk 00:35:54]} {[%emt 00:01:52]} 28. Bd3 {[%clk 00:02:33]} {[%emt
00:02:44]} d4 {[%clk 00:35:02]} {[%emt 00:01:21]} 29. Nd1 {[%clk 00:00:40]}
{[%emt 00:02:24]} Qe1+ {[%clk 00:33:39]} {[%emt 00:01:53]} 30. Kh2 {[%clk
00:01:09]} g5 {[%clk 00:29:37]} {[%emt 00:04:33]} 31. Qc2 {[%clk 00:01:04]}
{[%emt 00:00:35]} Qe5+ {[%clk 00:28:32]} {[%emt 00:01:34]} 32. Kg1 {[%clk
00:01:24]} {[%emt 00:00:09]} Bd5 {[%clk 00:28:13]} {[%emt 00:00:50]} 33. Nf2
{[%clk 00:00:35]} {[%emt 00:01:20]} Nc4 {[%clk 00:25:22]} {[%emt 00:03:21]} 34.
Ng4 {[%clk 00:00:41]} {[%emt 00:00:23]} Qe1+ {[%clk 00:23:41]} {[%emt
00:02:11]} 35. Kh2 {[%clk 00:01:05]} {[%emt 00:00:06]} Kg7 {[%clk 00:23:59]}
{[%emt 00:00:13]} 36. b3 {[%clk 00:00:36]} {[%emt 00:00:59]} h5 {[%clk
00:15:21]} {[%emt 00:09:07]} 37. bxc4 {[%clk 00:00:45]} {[%emt 00:00:22]} hxg4
{[%clk 00:15:49]} {[%emt 00:00:02]} 38. hxg4 {[%clk 00:01:02]} {[%emt
00:00:13]} bxc4 {[%clk 00:16:08]} {[%emt 00:00:12]} 39. Bxc4 {[%clk 00:01:11]}
{[%emt 00:00:21]} Qe5+ {[%clk 00:14:58]} {[%emt 00:01:39]} 40. Kg1 {[%clk
00:01:31]} {[%emt 00:00:10]} Qc7 {[%clk 00:15:16]} {[%emt 00:00:12]} 41. Bb3
{[%clk 00:00:39]} {[%emt 00:01:22]} Qxc2 {[%clk 00:15:44]} {[%emt 00:00:02]} 42.
Bxc2 {[%clk 00:01:07]} {[%emt 00:00:03]} Bxa2 {[%clk 00:16:11]} {[%emt
00:00:03]} 43. Kf2 {[%clk 00:01:19]} {[%emt 00:00:18]} Kf6 {[%clk 00:16:07]}
{[%emt 00:00:34]} 44. Ke1 {[%clk 00:01:39]} {[%emt 00:00:09]} Ke5 {[%clk
00:16:16]} {[%emt 00:00:21]} 45. Kd2 {[%clk 00:01:47]} {[%emt 00:00:22]} Bc4
{[%clk 00:16:19]} {[%emt 00:00:27]} 46. g3 {[%clk 00:00:55]} {[%emt 00:01:22]}
a5 {[%clk 00:16:40]} {[%emt 00:00:09]} 47. Bd1 {[%clk 00:00:33]} {[%emt
00:00:52]} Kd5 {[%clk 00:16:51]} {[%emt 00:00:19]} 48. f4 {[%clk 00:00:34]}
{[%emt 00:00:29]} f6 {[%clk 00:17:20]} 49. Bc2 {[%clk 00:00:46]} {[%emt
00:00:18]} Kc5 {[%clk 00:17:44]} {[%emt 00:00:05]} 50. Kc1 {[%clk 00:00:46]}
{[%emt 00:00:30]} Kb4 {[%clk 00:17:59]} {[%emt 00:00:15]} 51. Kb2 {[%clk
00:01:07]} {[%emt 00:00:09]} a4 {[%clk 00:18:29]} {[%emt 00:00:01]} 52. Bb1
{[%clk 00:01:12]} {[%emt 00:00:25]} a3+ {[%clk 00:18:52]} {[%emt 00:00:07]} 53.
Ka1 {[%clk 00:01:37]} {[%emt 00:00:05]} d3 {[%clk 00:18:23]} {[%emt 00:00:59]}
54. fxg5 {[%clk 00:01:45]} {[%emt 00:00:21]} d2 {[%clk 00:18:26]} {[%emt
00:00:27]} 55. g6 {[%clk 00:01:58]} {[%emt 00:00:16]} d1=Q {[%emt 00:00:14]}
0-1